Glimpses on Indian musicology / (Record no. 27062)

MARC details
000 -LEADER
fixed length control field 00915nam a22002417a 4500
005 - DATE AND TIME OF LATEST TRANSACTION
control field 2009060105385.0
008 - FIXED-LENGTH DATA ELEMENTS--GENERAL INFORMATION
fixed length control field 090601t xxu||||| |||| 00| 0 eng d
010 ## - LCCN (DPL NO)
LC control number ENG-93808
020 ## - INTERNATIONAL STANDARD BOOK NUMBER
International Standard Book Number 9788174532923
Terms of availability 650.00
035 ## - SYSTEM CONTROL NUMBER
System control number EN-77341
037 ## - SOURCE OF ACQUISITION
Source of stock number/acquisition DBAD / PUB
040 ## - CATALOGING SOURCE
Original cataloging agency dpl
Language of cataloging English
082 ## - DEWEY DECIMAL CLASSIFICATION NUMBER
Classification number 780.954
100 ## - MAIN ENTRY--PERSONAL NAME
Personal name Sharma, Lovely
245 ## - TITLE STATEMENT
Title Glimpses on Indian musicology /
Statement of responsibility, etc by Lovely Sharma
260 ## - PUBLICATION, DISTRIBUTION, ETC. (IMPRINT)
Place of publication, distribution, etc New Delhi
Name of publisher, distributor, etc Sanjay Prakashan
Date of publication, distribution, etc 2008
270 ## - ADDRESS
Address 4378/4D, 209 JMD House, Ansari Road, Daryaganj,
City New Delhi
Postal code 110002
300 ## - PHYSICAL DESCRIPTION
Extent ix, 312p.:
Dimensions 23cm(Hb)
Other physical details b&w photos
500 ## - GENERAL NOTE
General note Includes bibliographical references
650 ## - SUBJECT ADDED ENTRY--TOPICAL TERM
Topical term or geographic name as entry element Musicology
Geographic subdivision India
942 ## - ADDED ENTRY ELEMENTS (KOHA)
Source of classification or shelving scheme Dewey Decimal Classification
Item type English Books
Call number suffix SHA
Classification part 780.954
Holdings
Withdrawn status Lost status Source of classification or shelving scheme Damaged status Not for loan Collection code Home library Current library Date acquired Source of acquisition Cost, normal purchase price Total Checkouts Full call number Barcode Date last seen Copy number Cost, replacement price Koha item type
    Dewey Decimal Classification   Not For Loan Non-fiction D.B.Act.Division D.B.Act.Division 01/06/2009 DBAD / PUB 650.00   780.954 SHA EN-77341 01/06/2009 1 650.00 English Books

© Delhi Public Library
Hit Counter
free hit counter